000 00475nam a2200181Ia 4500
001 19988
005 20260306172733.0
008 260306t2005||||xx |||||||||||||| ||spa||
041 _aESP
082 _a342.1
_bN86 T. 2 V. 1
100 _aNovak Talavera, Fabián
_eAUT
245 0 _aDerecho internacional público:
_bSujetos de derecho internacional
260 _c2005
300 _a528páginas :
_c24 cm.
650 _aGEN
654 _aCDE
942 _cLIB
_dJUS
_fJUS
_2ddc
_n
999 _c19988
_d19988